000
00254nam a2200109Ia 4500
008
230411s9999 xx 000 0 und d
041
_a
eng
082
_a
EC/330/LIP/B03779
100
_a
Lipsey
_9
109168
245
_a
Economics
999
_c
154591
_d
154591